Chapter 36 Urban struggles and theorising from Eastern European cities (Record no. 25346)
[ view plain ]
| 000 -LEADER | |
|---|---|
| fixed length control field | 00702nam a2200121Ia 4500 |
| 008 - FIXED-LENGTH DATA ELEMENTS--GENERAL INFORMATION | |
| fixed length control field | 220620s9999||||xx |||||||||||||| ||und|| |
| 245 #0 - TITLE STATEMENT | |
| Title | Chapter 36 Urban struggles and theorising from Eastern European cities |
| Remainder of title | A collective interview with Ana Vilenica, Ioana Florea, Veda Popovici and Zsuzsi Pósfai |
| 546 ## - LANGUAGE NOTE | |
| Language note | English[eng] |
| 650 ## - SUBJECT ADDED ENTRY--TOPICAL TERM | |
| Topical term or geographic name entry element | Eastern Europe, activism, housing, urban policies, urban power structures, spacial justice, global urbanism |
| 700 ## - ADDED ENTRY--PERSONAL NAME | |
| Personal name | Lancione, Michele||Mcfarlane, Colin |
| 856 ## - ELECTRONIC LOCATION AND ACCESS | |
| Uniform Resource Identifier | <a href="https://library.oapen.org/bitstream/20.500.12657/48506/1/9780429259593_oachapter36.pdf||https://library.oapen.org/bitstream/20.500.12657/48506/1/9780429259593_oachapter36.pdf">https://library.oapen.org/bitstream/20.500.12657/48506/1/9780429259593_oachapter36.pdf||https://library.oapen.org/bitstream/20.500.12657/48506/1/9780429259593_oachapter36.pdf</a> |
| 942 ## - ADDED ENTRY ELEMENTS (KOHA) | |
| Koha item type | E-Books |
| Withdrawn status | Lost status | Damaged status | Not for loan | Home library | Current library | Date acquired | Total Checkouts | Date last seen | Price effective from | Koha item type |
|---|---|---|---|---|---|---|---|---|---|---|
| Kerala University of Digital Sciences, Innovation and Technology Knowledge Centre | Kerala University of Digital Sciences, Innovation and Technology Knowledge Centre | 20/06/2022 | 20/06/2022 | 20/06/2022 | E-Books |